000 00479nab a2200145Ia 4500
003 ES-SlBCS
005 20210601133028.0
008 140529s1980 xxu||||| |||| 00| 0 ita d
041 _aita
100 1 _aFlores D'arcais, Giuseppe
_945563
245 0 0 _aRicordo di Carmelo Ottaviano (Padova) - Verso la quarta età
_c Giuseppe Flores D'Arcais
600 1 4 _aOttaviano, Carmelo
_922019
773 0 _tRassegna di Pedagogia
_gvol. 38, nº. 1-2, 1980, págs. 85-89
_wRev924
942 _cAR
999 _c589558
_d589558